00752nam a2200145Ia 4500008004100000020001800041050002200059100004200081245005800123250001700181260004500198300004100243505028200284650004000566120626s2005 mx 000 0 spa d a970-24-0755-904aBF121 bG346 2005 aGarcía González, Eva Lauraeautor10aPsicología generalc/ Eva Laura García González a2a edición aMéxicob: Publicaciones Culturalc2005 aviii, 231 páginasb: ilustraciones aIntroducción al concepto de psicología Bases biológicas de la conducta Percepción Aprendizaje y memoria Pensamiento y lenguaje Motivación y emoción Diferencias individuales: personalidad Conducta social Estrés y como afrontarlo Desarrollo psicológico 17aPSICOLOGÍAxESTUDIO Y ENSEÑANZA